| 000 | 005080000a22001210004500 | ||
|---|---|---|---|
| 100 | 1 | _aCabrera Paz, José | |
| 245 | 1 | 0 | _aNativos Interactivos: tocar, ver y actuar en el mundo digital. |
| 300 | _anúm.54 (Enero- Febrero, 2012), Pág. 34-41 | ||
| 520 | _aEste artículo aborda algunas de las principales estrategias para la incorporación y uso pedagógico de las tecnologías digitales con los niños. | ||
| 650 | 1 | 4 | _aEDUCACIÓN |
| 773 | 0 | _tRevista internacional magisterio : educación y ped | |
| 942 | _cANA | ||
| 999 |
_c63523 _d63523 |
||